Score 0/7 Timer 03:00
0 Plays Today
Question Answer Wrong Answers
This mountain erupts in Washington, US, killing 57 people and causing $3 billion in damage.
1980
Mount St. Helens
85.9%
Mount Rainier
6.2%
Mount Adams
2.1%
Mount Hood
1.6%
The Seven Years' War begins when Great Britain declares war on this country.
1756
France
85.2%
Germany
5.8%
Netherlands
5.4%
Denmark
3.5%
The post Loktantra Andolan government passes a landmark bill curtailing the power of the monarchy and making this mountainous nation a secular country.
2006
Nepal
74.3%
Thailand
7.6%
Peru
6.5%
Turkey
6.6%
The Selective Service Act of 1917 is passed, giving the President of the United States the power to implement ______.
1917
The Draft
71%
Marshall Law
13.9%
A Federal Budget
4%
Emergency Powers
8.4%
This American baseball player, known as ‘Mr. October’ for his clutch playoff performances, is born.
1946
Reggie Jackson
61.9%
Rickey Henderson
4.9%
Hank Aaron
17.9%
Pete Rose
11.7%
Israeli troops finish retreating from the ______ after occupying it, giving the area to Palestine to govern.
1994
Gaza Strip
60.5%
West Bank
32.4%
Dome of the Rock
1.5%
Central District
1.1%
Abraham Lincoln wins the Republican presidential nomination over this man, a prominent figure in the Republican Party during its formative years, who later becomes the United States Secretary of State.
1860
William H. Seward
38.5%
Andrew Johnson
15.3%
Salmon P. Chase
7%
Stephen A. Douglas
38%
Remove Ads.
Support Sporcle.
Get the best of Sporcle when you Go Orange. This ad-free experience offers more features, more stats, and more fun while also helping to support Sporcle. Thank you for becoming a member.

You're not logged in!

Compare scores with friends on all Sporcle quizzes.
OR
Log In

Show Comments

Extras

Top Quizzes Today


Score Distribution

Your Account Isn't Verified!

In order to create a playlist on Sporcle, you need to verify the email address you used during registration. Go to your Sporcle Settings to finish the process.

Report this User

Report this user for behavior that violates our Community Guidelines.

Details: